[Event "5. Open Ciudad de Tres Cantos 2013"]
[Site "Tres Cantos ESP"]
[Date "2013.06.22"]
[Round "2.17"]
[White "Campo Garcia, Carlos"]
[Black "Ledo Galan, Jose Emilio"]
[Result "0-1"]
[WhiteElo "1787"]
[BlackElo "2058"]
[PlyCount "70"]
[EventDate "2013.06.21"]
[EventType "swiss"]
[EventRounds "9"]
[EventCountry "ESP"]
[SourceTitle "Ajedrez en Madrid"]
[Source "lmi"]
[SourceDate "2013.06.21"]
[SourceVersion "1"]
[SourceVersionDate "2013.06.27"]
[SourceQuality "1"]

1. d4 Nf6 2. c4 e6 3. Nc3 Bb4 4. a3 Bxc3+ 5. bxc3 d6 6. Bg5 h6 7. Bh4 Nc6 8.
Nf3 b6 9. e3 Bb7 10. d5 Na5 11. Qa4+ Qd7 12. Qxd7+ Nxd7 13. e4 e5 14. Bd3 Nc5
15. Ke2 f5 16. exf5 e4 17. Bxe4 Nxe4 18. Kd3 Nc5+ 19. Kc2 O-O 20. Nd4 Nxc4 21.
Nc6 Bxc6 22. dxc6 Rxf5 23. Rhe1 Ne5 24. Re2 Nxc6 25. Rae1 Re5 26. f4 Rxe2+ 27.
Rxe2 Kf7 28. g4 Re8 29. Rxe8 Kxe8 30. Bf2 Kf7 31. c4 Na5 32. Bxc5 bxc5 33. Kd3
c6 34. h4 Kf6 35. Kc3 h5 0-1

[Event "5. Open Ciudad de Tres Cantos 2013"]
[Site "Tres Cantos ESP"]
[Date "2013.06.22"]
[Round "2.19"]
[White "Sebastian Enesco, Alex"]
[Black "Garcia Ruido, Ricardo"]
[Result "0-1"]
[WhiteElo "1785"]
[BlackElo "2051"]
[PlyCount "60"]
[EventDate "2013.06.21"]
[EventType "swiss"]
[EventRounds "9"]
[EventCountry "ESP"]
[SourceTitle "Ajedrez en Madrid"]
[Source "lmi"]
[SourceDate "2013.06.21"]
[SourceVersion "1"]
[SourceVersionDate "2013.06.27"]
[SourceQuality "1"]

1. c4 g6 2. d4 Bg7 3. Nf3 d6 4. Nc3 Nd7 5. Bf4 e5 6. dxe5 dxe5 7. Bg5 f6 8. Bh4
Nh6 9. e4 O-O 10. Qd2 c6 11. h3 Nf7 12. g4 Bh6 13. Qc2 Qe7 14. Nd2 Nc5 15. f3
Ne6 16. Bf2 Nd4 17. Bxd4 exd4 18. Ne2 d3 19. Qxd3 Rd8 20. Nd4 c5 21. Qa3 Bxd2+
22. Kxd2 Rxd4+ 23. Ke3 f5 24. gxf5 Bxf5 25. Bd3 Ne5 26. Rad1 Nxd3 27. Rxd3 Bxe4
28. Rxd4 cxd4+ 29. Kf2 Qxa3 30. bxa3 Rf8 0-1

[Event "5. Open Ciudad de Tres Cantos 2013"]
[Site "Tres Cantos ESP"]
[Date "2013.06.22"]
[Round "2.20"]
[White "Aziz Ortego, Omar Luis"]
[Black "Garceran Izquierdo, Ruben"]
[Result "1-0"]
[WhiteElo "2045"]
[BlackElo "1723"]
[PlyCount "99"]
[EventDate "2013.06.21"]
[EventType "swiss"]
[EventRounds "9"]
[EventCountry "ESP"]
[SourceTitle "Ajedrez en Madrid"]
[Source "lmi"]
[SourceDate "2013.06.21"]
[SourceVersion "1"]
[SourceVersionDate "2013.06.27"]
[SourceQuality "1"]

1. e4 d5 2. e5 c5 3. d4 Bf5 4. c3 e6 5. Nd2 Nc6 6. Ndf3 cxd4 7. Nxd4 Nxd4 8.
Qxd4 Ne7 9. Bg5 a6 10. Nf3 h6 11. Bh4 Qd7 12. Bd3 Bxd3 13. Qxd3 Nf5 14. Rd1
Nxh4 15. Nxh4 Qa4 16. Qd4 Qxd4 17. Rxd4 Bc5 18. Rd3 Rc8 19. O-O O-O 20. Nf3
Rfd8 21. Rfd1 Ba7 22. b3 b5 23. Nd2 Kf8 24. Kf1 Ke7 25. Ke2 f6 26. exf6+ gxf6
27. Rh3 Rh8 28. Ra1 Rcg8 29. g3 Rc8 30. a4 b4 31. cxb4 Bd4 32. Rd1 Bc3 33. Rh4
Rb8 34. Nb1 Bxb4 35. Rc1 Kd7 36. Rg4 Rhg8 37. Rh4 Rg6 38. Nc3 a5 39. Nb5 Rc8
40. Rxc8 Kxc8 41. f4 e5 42. Rh5 exf4 43. gxf4 Rg2+ 44. Ke3 Rb2 45. Rxh6 Rxb3+
46. Kd4 Be7 47. Kxd5 Kd7 48. Rh7 Rb4 49. Nd4 Ke8 50. Nc6 1-0

[Event "5. Open Ciudad de Tres Cantos 2013"]
[Site "Tres Cantos ESP"]
[Date "2013.06.22"]
[Round "2.21"]
[White "Enfedaque Jimenez, Juan Carlos"]
[Black "Nunez Miranda, Adrian"]
[Result "0-1"]
[WhiteElo "1776"]
[BlackElo "2037"]
[PlyCount "40"]
[EventDate "2013.06.21"]
[EventType "swiss"]
[EventRounds "9"]
[EventCountry "ESP"]
[SourceTitle "Ajedrez en Madrid"]
[Source "lmi"]
[SourceDate "2013.06.21"]
[SourceVersion "1"]
[SourceVersionDate "2013.06.27"]
[SourceQuality "1"]

1. e4 d6 2. d4 Nf6 3. Nc3 Nbd7 4. Nf3 e5 5. Bc4 Be7 6. Bxf7+ Kxf7 7. Ng5+ Kg8
8. Ne6 Qe8 9. dxe5 Nxe5 10. Nxc7 Qg6 11. Nxa8 Qxg2 12. Kd2 Nfg4 13. Qf1 Qf3 14.
Rg1 Bh4 15. h3 Qf4+ 16. Ke2 Qf3+ 17. Kd2 Nxf2 18. Qe2 Qxh3 19. Rf1 Nf3+ 20. Ke3
Ng1+ 0-1

[Event "5. Open Ciudad de Tres Cantos 2013"]
[Site "Tres Cantos ESP"]
[Date "2013.06.22"]
[Round "2.22"]
[White "Gomez Ferrer, Jesus"]
[Black "Zuazua Conde, Ivan Javier"]
[Result "1-0"]
[WhiteElo "2030"]
[BlackElo "1663"]
[PlyCount "51"]
[EventDate "2013.06.21"]
[EventType "swiss"]
[EventRounds "9"]
[EventCountry "ESP"]
[SourceTitle "Ajedrez en Madrid"]
[Source "lmi"]
[SourceDate "2013.06.21"]
[SourceVersion "1"]
[SourceVersionDate "2013.06.27"]
[SourceQuality "1"]

1. d4 d5 2. c4 e6 3. Nc3 Nf6 4. Nf3 Be7 5. Bg5 c6 6. e3 h6 7. Bf4 Nh5 8. Bxb8
Rxb8 9. Ne5 Nf6 10. Bd3 O-O 11. O-O Re8 12. Rc1 Bd7 13. f4 dxc4 14. Bb1 Nd5 15.
Qh5 Rf8 16. Rf3 Nf6 17. Qh3 Re8 18. Rg3 Bf8 19. Qxh6 g6 20. Rxg6+ fxg6 21.
Qxg6+ Bg7 22. Qf7+ Kh8 23. Ne4 b5 24. Nxf6 Qxf6 25. Qh5+ Bh6 26. Ng4 1-0

[Event "5. Open Ciudad de Tres Cantos 2013"]
[Site "Tres Cantos ESP"]
[Date "2013.06.22"]
[Round "2.24"]
[White "Heras Cuenca, Miguel Angel"]
[Black "Enriquez Pastor, Jorge"]
[Result "1-0"]
[WhiteElo "2012"]
[BlackElo "1398"]
[PlyCount "89"]
[EventDate "2013.06.21"]
[EventType "swiss"]
[EventRounds "9"]
[EventCountry "ESP"]
[SourceTitle "Ajedrez en Madrid"]
[Source "lmi"]
[SourceDate "2013.06.21"]
[SourceVersion "1"]
[SourceVersionDate "2013.06.27"]
[SourceQuality "1"]

1. d4 d5 2. c4 c6 3. Nf3 Nf6 4. Nc3 Bf5 5. Qb3 Qb6 6. c5 Qxb3 7. axb3 Nbd7 8.
Bf4 e6 9. e3 a6 10. b4 Ne4 11. b5 Nxc3 12. bxc6 bxc6 13. bxc3 a5 14. Kd2 Be7
15. Bd3 Bxd3 16. Kxd3 O-O 17. Rhb1 Nf6 18. Rb6 Ne4 19. Ra2 Rfc8 20. Ne5 Bd8 21.
Rxc6 Rc7 22. Rxc7 Bxc7 23. Nd7 Bxf4 24. exf4 Nf6 25. Nb6 Ra6 26. c4 Kf8 27. f3
h6 28. Kc3 Ke8 29. Kb3 dxc4+ 30. Kxc4 Ra7 31. Nc8 Rc7 32. Nd6+ Ke7 33. Rxa5 Nd5
34. g3 h5 35. Ra3 g6 36. Nb5 Rc6 37. Ra7+ Kf8 38. Nd6 f5 39. Kb5 Rc7 40. Rxc7
Nxc7+ 41. Kc6 Nd5 42. Kd7 Ne3 43. c6 Nd5 44. c7 Nf6+ 45. Kxe6 1-0

[Event "5. Open Ciudad de Tres Cantos 2013"]
[Site "Tres Cantos ESP"]
[Date "2013.06.22"]
[Round "2.26"]
[White "San Felipe Asis, Raquel"]
[Black "Roa Alonso, Santiago"]
[Result "0-1"]
[WhiteElo "1677"]
[BlackElo "2404"]
[PlyCount "54"]
[EventDate "2013.06.21"]
[EventType "swiss"]
[EventRounds "9"]
[EventCountry "ESP"]
[SourceTitle "Ajedrez en Madrid"]
[Source "lmi"]
[SourceDate "2013.06.21"]
[SourceVersion "1"]
[SourceVersionDate "2013.06.27"]
[SourceQuality "1"]

1. e4 d6 2. d4 Nf6 3. Nc3 c6 4. Bg5 Nbd7 5. Nf3 e5 6. Bd3 Be7 7. Qd2 h6 8. Bh4
Qb6 9. dxe5 dxe5 10. Na4 Qc7 11. Rd1 O-O 12. O-O b5 13. Nc3 Re8 14. a3 a5 15.
Ne2 Nc5 16. Bxf6 Bxf6 17. b4 axb4 18. Qxb4 Be7 19. Qc3 Nxd3 20. cxd3 Rxa3 21.
Qb2 Bg4 22. Rd2 Bxf3 23. gxf3 Qd6 24. Nc1 Bg5 25. Rc2 Qg6 26. Kh1 Qh5 27. Qxa3
Bf4 0-1

[Event "5. Open Ciudad de Tres Cantos 2013"]
[Site "Tres Cantos ESP"]
[Date "2013.06.22"]
[Round "2.27"]
[White "Yaniz Lana, Francisco Javier"]
[Black "Cao Armillas, Jesus"]
[Result "0-1"]
[WhiteElo "1602"]
[BlackElo "2175"]
[PlyCount "114"]
[EventDate "2013.06.21"]
[EventType "swiss"]
[EventRounds "9"]
[EventCountry "ESP"]
[SourceTitle "Ajedrez en Madrid"]
[Source "lmi"]
[SourceDate "2013.06.21"]
[SourceVersion "1"]
[SourceVersionDate "2013.06.27"]
[SourceQuality "1"]

1. d4 Nf6 2. Nf3 g6 3. g3 Bg7 4. Bg2 O-O 5. O-O d6 6. c4 c6 7. Nc3 Qa5 8. Qc2
Be6 9. Bd2 Bxc4 10. b4 Qc7 11. Rac1 b5 12. Rfe1 Nbd7 13. e4 e5 14. d5 c5 15.
bxc5 Nxc5 16. Nb1 Qb7 17. Bb4 Rfc8 18. Bxc5 Rxc5 19. Qd2 Rac8 20. Na3 Qa6 21.
Nc2 Qa4 22. Nb4 Kf8 23. a3 Ng8 24. Nc6 f6 25. g4 Ne7 26. Na5 R8c7 27. g5 f5 28.
Nh4 Bxd5 29. Rxc5 Rxc5 30. exd5 Qxh4 31. Nb7 Rc7 32. Nd8 Rc8 33. Ne6+ Kf7 34.
Re3 Qc4 35. Qa5 Nxd5 36. Bxd5 Qxd5 37. Nxg7 Rc1+ 38. Re1 Rxe1+ 39. Qxe1 Kxg7
40. Qa5 Qd1+ 41. Kg2 Qg4+ 42. Kf1 Qxg5 43. Qxa7+ Kh6 44. Qb6 Qc1+ 45. Kg2 Qc5
46. Qd8 d5 47. Qh4+ Kg7 48. Qd8 e4 49. Kg3 Qxa3+ 50. Kf4 Qc5 51. h4 d4 52. h5
d3 53. f3 exf3 54. hxg6 hxg6 55. Kg5 Qe3+ 56. Kh4 Qf2+ 57. Kh3 Qg2+ 0-1

[Event "5. Open Ciudad de Tres Cantos 2013"]
[Site "Tres Cantos ESP"]
[Date "2013.06.22"]
[Round "2.28"]
[White "Anton Veiga, Juan Carlos"]
[Black "Pindado Del Carmen, Eliseo"]
[Result "1-0"]
[WhiteElo "2111"]
[BlackElo "1598"]
[PlyCount "104"]
[EventDate "2013.06.21"]
[EventType "swiss"]
[EventRounds "9"]
[EventCountry "ESP"]
[SourceTitle "Ajedrez en Madrid"]
[Source "lmi"]
[SourceDate "2013.06.21"]
[SourceVersion "1"]
[SourceVersionDate "2013.06.27"]
[SourceQuality "1"]

1. e4 c5 2. Nf3 e6 3. d4 cxd4 4. Nxd4 a6 5. Bd3 Qc7 6. O-O Nc6 7. c3 Nf6 8. Kh1
d6 9. a4 Be7 10. Nd2 d5 11. Nxc6 bxc6 12. Qe2 Bd6 13. exd5 cxd5 14. Nf3 Bf4 15.
a5 O-O 16. Ra4 e5 17. Bxf4 exf4 18. Qd2 Nh5 19. Bc2 Bd7 20. Rd4 Be6 21. Ng5 g6
22. Bd1 Ng7 23. Ra4 h6 24. Nf3 g5 25. Nd4 Bd7 26. Ra3 Be6 27. Bc2 Qc8 28. Qd3
f5 29. Re1 Ra7 30. Nxe6 Nxe6 31. Qxd5 Rf6 32. Bb3 Kg7 33. Raa1 Rd7 34. Qe5 Nc5
35. Bc2 Rdf7 36. Rad1 Kg6 37. Rd6 Rxd6 38. Qxd6+ Rf6 39. Qe7 Rf7 40. Qe5 Rf6
41. Rd1 Ne6 42. Qd5 Nc5 43. h3 h5 44. Qf3 Qc7 45. Qa8 Ne4 46. Bxe4 fxe4 47.
Qxe4+ Kh6 48. Rd5 Qb7 49. Qe5 Rg6 50. Qh8+ Qh7 51. Qxh7+ Kxh7 52. Rd7+ Kh6 1-0

[Event "5. Open Ciudad de Tres Cantos 2013"]
[Site "Tres Cantos ESP"]
[Date "2013.06.22"]
[Round "2.29"]
[White "Lopez De Turiso, Jose Angel"]
[Black "Martinez De Navascues, Francis"]
[Result "1-0"]
[WhiteElo "2095"]
[BlackElo "1580"]
[PlyCount "101"]
[EventDate "2013.06.21"]
[EventType "swiss"]
[EventRounds "9"]
[EventCountry "ESP"]
[SourceTitle "Ajedrez en Madrid"]
[Source "lmi"]
[SourceDate "2013.06.21"]
[SourceVersion "1"]
[SourceVersionDate "2013.06.27"]
[SourceQuality "1"]

1. d4 b6 2. c4 e6 3. e4 Bb7 4. d5 Nf6 5. Bd3 exd5 6. exd5 Bc5 7. Qe2+ Qe7 8.
Qxe7+ Bxe7 9. Nf3 O-O 10. O-O Na6 11. Nc3 Nc5 12. Bc2 Ba6 13. Re1 Rfe8 14. b4
Bxc4 15. bxc5 Bxc5 16. Rxe8+ Rxe8 17. Bb3 Ba6 18. Bg5 Ng4 19. Bh4 Ne5 20. Nxe5
Rxe5 21. Bg3 Rf5 22. Re1 g6 23. Bc2 Rh5 24. Bd1 Bb4 25. Bxh5 Bxc3 26. Rc1 Bb2
27. Rc2 Bd3 28. Rxb2 gxh5 29. Bxc7 b5 30. Be5 Bc4 31. d6 h6 32. f4 Kh7 33. f5
h4 34. Kf2 Bd3 35. Ke3 Bxf5 36. Rxb5 h3 37. g3 Kg6 38. Ra5 f6 39. Bf4 Be6 40.
Rxa7 Kf5 41. a4 h5 42. a5 h4 43. a6 hxg3 44. Bxg3 Kg4 45. Rb7 f5 46. a7 Bd5 47.
a8=Q f4+ 48. Bxf4 Be6 49. Rxd7 Bxd7 50. Qg8+ Kf5 51. Qf7+ 1-0

[Event "5. Open Ciudad de Tres Cantos 2013"]
[Site "Tres Cantos ESP"]
[Date "2013.06.22"]
[Round "2.30"]
[White "Aguilera Lopez, Alejandro"]
[Black "Gonzalez Mateos, Rafael"]
[Result "0-1"]
[WhiteElo "1479"]
[BlackElo "2060"]
[PlyCount "58"]
[EventDate "2013.06.21"]
[EventType "swiss"]
[EventRounds "9"]
[EventCountry "ESP"]
[SourceTitle "Ajedrez en Madrid"]
[Source "lmi"]
[SourceDate "2013.06.21"]
[SourceVersion "1"]
[SourceVersionDate "2013.06.27"]
[SourceQuality "1"]

1. d4 Nf6 2. Nf3 e6 3. e3 c5 4. Bd3 Nc6 5. b3 Qb6 6. Bb2 d5 7. Nbd2 Be7 8. O-O
Bd7 9. c4 O-O 10. Ne5 cxd4 11. Nxc6 Bxc6 12. Bxd4 Qc7 13. Nf3 dxc4 14. Bxc4
Rfd8 15. Qe2 a6 16. Rac1 Rac8 17. Ne5 Be8 18. h3 b5 19. Bxe6 Qxc1 20. Rxc1
Rxc1+ 21. Kh2 fxe6 22. Ng4 Bd6+ 23. g3 Nxg4+ 24. Qxg4 e5 25. Bb6 Bd7 26. Qe4
Bc6 27. Qxc6 Rxc6 28. Bxd8 Rc2 29. Kg2 Rxa2 0-1

[Event "5. Open Ciudad de Tres Cantos 2013"]
[Site "Tres Cantos ESP"]
[Date "2013.06.22"]
[Round "2.32"]
[White "Rosa Ramirez, Victor D"]
[Black "Fernandez Rios, Jose Francisco"]
[Result "1-0"]
[WhiteElo "2011"]
[BlackElo "2005"]
[PlyCount "55"]
[EventDate "2013.06.21"]
[EventType "swiss"]
[EventRounds "9"]
[EventCountry "ESP"]
[SourceTitle "Ajedrez en Madrid"]
[Source "lmi"]
[SourceDate "2013.06.21"]
[SourceVersion "1"]
[SourceVersionDate "2013.06.27"]
[SourceQuality "1"]

1. e4 c5 2. c3 d6 3. d4 cxd4 4. cxd4 Nf6 5. Bc4 e6 6. Nc3 d5 7. Bb5+ Bd7 8.
Bxd7+ Qxd7 9. e5 Ng8 10. Nge2 Bb4 11. O-O Ne7 12. Ng3 Nbc6 13. Nh5 Rg8 14. Bh6
Nf5 15. Bxg7 Be7 16. Bf6 O-O-O 17. Bxe7 Qxe7 18. Nf6 Rg6 19. Rc1 a6 20. Na4 Kb8
21. Rxc6 bxc6 22. Nc5 Qa7 23. Qa4 Kc7 24. Nxa6+ Kb6 25. Rc1 Ne7 26. Qb4+ Kxa6
27. Rc3 Qb6 28. Ra3+ 1-0

[Event "5. Open Ciudad de Tres Cantos 2013"]
[Site "Tres Cantos ESP"]
[Date "2013.06.22"]
[Round "2.39"]
[White "Tarrio Ocana, Jose Manuel"]
[Black "De Dompablo Fantova, Juan"]
[Result "1-0"]
[WhiteElo "1995"]
[BlackElo "1715"]
[PlyCount "89"]
[EventDate "2013.06.21"]
[EventType "swiss"]
[EventRounds "9"]
[EventCountry "ESP"]
[SourceTitle "Ajedrez en Madrid"]
[Source "lmi"]
[SourceDate "2013.06.21"]
[SourceVersion "1"]
[SourceVersionDate "2013.06.27"]
[SourceQuality "1"]

1. e4 c5 2. Nf3 d6 3. d4 cxd4 4. Nxd4 Nf6 5. Nc3 g6 6. Be2 Bg7 7. O-O O-O 8.
Be3 Nc6 9. Nxc6 bxc6 10. Qd2 Ng4 11. Bxg4 Bxg4 12. h3 Be6 13. Bd4 Bxd4 14. Qxd4
Qa5 15. f4 f5 16. b3 Rf7 17. Rae1 Rd8 18. Re3 d5 19. exd5 Bxd5 20. Re5 e6 21.
Qe3 Qb6 22. Nxd5 Rxd5 23. Qxb6 axb6 24. Rxe6 Rc7 25. Rfe1 Kf7 26. Re8 Rd2 27.
R8e2 Rcd7 28. Kf2 Rxe2+ 29. Rxe2 Kf6 30. a4 Rd5 31. g3 h6 32. Ke3 g5 33. Rd2
Ke6 34. Rxd5 Kxd5 35. Kf3 Kc5 36. c3 Kd5 37. b4 gxf4 38. Kxf4 h5 39. h4 c5 40.
a5 cxb4 41. cxb4 b5 42. a6 Kc6 43. Ke5 Kb6 44. a7 Kxa7 45. Kxf5 1-0

[Event "5. Open Ciudad de Tres Cantos 2013"]
[Site "Tres Cantos ESP"]
[Date "2013.06.22"]
[Round "2.40"]
[White "Munoz Blazquez, Jose"]
[Black "Perez Romero, Joaquin"]
[Result "0-1"]
[WhiteElo "1425"]
[BlackElo "1710"]
[PlyCount "70"]
[EventDate "2013.06.21"]
[EventType "swiss"]
[EventRounds "9"]
[EventCountry "ESP"]
[SourceTitle "Ajedrez en Madrid"]
[Source "lmi"]
[SourceDate "2013.06.21"]
[SourceVersion "1"]
[SourceVersionDate "2013.06.27"]
[SourceQuality "1"]

1. e4 c5 2. Nf3 d6 3. Nc3 g6 4. Bc4 Bg7 5. O-O Nf6 6. Re1 O-O 7. a3 Bg4 8. Be2
Nc6 9. d4 Bxf3 10. Bxf3 Nxd4 11. Be3 Nxf3+ 12. Qxf3 Qd7 13. Rab1 b6 14. Nd5
Nxd5 15. exd5 c4 16. c3 e6 17. Qh3 Rad8 18. dxe6 fxe6 19. Bh6 e5 20. Qxd7 Rxd7
21. Bxg7 Kxg7 22. f3 Re8 23. Re2 Kf6 24. Rbe1 d5 25. Kf2 b5 26. Rd1 Re6 27. h3
d4 28. cxd4 exd4 29. Rxe6+ Kxe6 30. f4 Kd5 31. g3 Re7 32. h4 d3 33. Rd2 Kd4 34.
Kf3 c3 35. bxc3+ Kxc3 0-1

[Event "5. Open Ciudad de Tres Cantos 2013"]
[Site "Tres Cantos ESP"]
[Date "2013.06.22"]
[Round "2.41"]
[White "Martin Garcia, Francisco Javie"]
[Black "Fernandez Munoz, Jesus Norbert"]
[Result "1-0"]
[WhiteElo "1701"]
[BlackElo "1439"]
[PlyCount "54"]
[EventDate "2013.06.21"]
[EventType "swiss"]
[EventRounds "9"]
[EventCountry "ESP"]
[SourceTitle "Ajedrez en Madrid"]
[Source "lmi"]
[SourceDate "2013.06.21"]
[SourceVersion "1"]
[SourceVersionDate "2013.06.27"]
[SourceQuality "1"]

1. d4 d5 2. Nf3 e6 3. c4 c6 4. g3 Nf6 5. Bg2 c5 6. cxd5 exd5 7. dxc5 Bxc5 8.
O-O O-O 9. Qc2 b6 10. Rd1 Qe7 11. Bg5 Rd8 12. Nc3 Bb7 13. Nd4 Na6 14. Nf5 Bxf2+
15. Kf1 Qe6 16. Bxf6 Nb4 17. Qb1 Qxf6 18. a3 Na6 19. Kxf2 Nc7 20. Kg1 Rab8 21.
Rf1 Qe5 22. Rf4 Rd7 23. Rh4 g6 24. Nh6+ Kg7 25. Qc1 f5 26. Qg5 Kh8 27. Ng4 fxg4
1-0

[Event "5. Open Ciudad de Tres Cantos 2013"]
[Site "Tres Cantos ESP"]
[Date "2013.06.22"]
[Round "2.45"]
[White "Picazo Sancho, Carolina"]
[Black "Tevar Becerra, Alvaro"]
[Result "0-1"]
[WhiteElo "1299"]
[BlackElo "1664"]
[PlyCount "64"]
[EventDate "2013.06.21"]
[EventType "swiss"]
[EventRounds "9"]
[EventCountry "ESP"]
[SourceTitle "Ajedrez en Madrid"]
[Source "lmi"]
[SourceDate "2013.06.21"]
[SourceVersion "1"]
[SourceVersionDate "2013.06.27"]
[SourceQuality "1"]

1. e4 e5 2. Nf3 Nc6 3. Bc4 Bc5 4. c3 Nf6 5. d4 exd4 6. e5 d5 7. Bb5 Ne4 8. cxd4
Bb4+ 9. Bd2 Bxd2+ 10. Nbxd2 O-O 11. O-O Bg4 12. Be2 f6 13. Nxe4 dxe4 14. Nd2
Bxe2 15. Qxe2 Qxd4 16. Nxe4 Qxe5 17. Qc4+ Kh8 18. Rfe1 Rfe8 19. Qc3 Rad8 20.
Qxe5 Rxe5 21. a3 Rde8 22. f3 f5 23. f4 Rxe4 24. Rxe4 Rxe4 25. Rd1 Kg8 26. Kf2
Rxf4+ 27. Ke3 Re4+ 28. Kf3 Nd4+ 29. Kg3 g5 30. Kh3 h5 31. g3 Kf7 32. Kg2 Ke6
0-1

[Event "5. Open Ciudad de Tres Cantos 2013"]
[Site "Tres Cantos ESP"]
[Date "2013.06.25"]
[Round "5.1"]
[White "Rubio Mejia, Luis Ignacio"]
[Black "Del Rio De Angelis, Salvador G"]
[Result "1/2-1/2"]
[WhiteElo "2451"]
[BlackElo "2505"]
[PlyCount "48"]
[EventDate "2013.06.21"]
[EventType "swiss"]
[EventRounds "9"]
[EventCountry "ESP"]
[SourceTitle "Ajedrez en Madrid"]
[Source "lmi"]
[SourceDate "2013.06.21"]
[SourceVersion "1"]
[SourceVersionDate "2013.06.27"]
[SourceQuality "1"]

1. d4 d6 2. Nf3 g6 3. c4 Bg7 4. Nc3 Bg4 5. e3 Nf6 6. Be2 O-O 7. O-O Re8 8. e4
Nfd7 9. Be3 Nc6 10. d5 Bxf3 11. gxf3 Nb4 12. Qd2 a5 13. a3 Na6 14. b3 e6 15.
Kh1 Nac5 16. Rab1 a4 17. b4 Nb3 18. Qd3 Ne5 19. Qc2 Nxf3 20. Bxf3 Qf6 21. Bd1
Qxc3 22. Qxc3 Bxc3 23. Bxb3 axb3 24. Rxb3 Bg7 1/2-1/2

[Event "5. Open Ciudad de Tres Cantos 2013"]
[Site "Tres Cantos ESP"]
[Date "2013.06.25"]
[Round "5.2"]
[White "Renteria, Jorge"]
[Black "Suarez Uriel, Adrian"]
[Result "0-1"]
[WhiteElo "2319"]
[BlackElo "2287"]
[PlyCount "84"]
[EventDate "2013.06.21"]
[EventType "swiss"]
[EventRounds "9"]
[EventCountry "ESP"]
[SourceTitle "Ajedrez en Madrid"]
[Source "lmi"]
[SourceDate "2013.06.21"]
[SourceVersion "1"]
[SourceVersionDate "2013.06.27"]
[SourceQuality "1"]

1. d4 Nf6 2. c4 g6 3. Nc3 d5 4. Bg5 Ne4 5. Bh4 Nxc3 6. bxc3 dxc4 7. e3 Be6 8.
Rb1 Nd7 9. Nf3 Nb6 10. Ng5 Bd5 11. e4 h6 12. exd5 hxg5 13. Bg3 Qd7 14. Be2
O-O-O 15. Be5 Rh7 16. a4 Nxd5 17. Qc2 f6 18. Bg3 f5 19. Be5 Qc6 20. a5 e6 21.
Rb4 Bg7 22. Ra4 Bxe5 23. Rxc4 Qd6 24. dxe5 Qxe5 25. g3 g4 26. Rc5 Qd6 27. Rc4
Qa3 28. O-O Rdh8 29. h4 Qe7 30. Bxg4 fxg4 31. Rxg4 g5 32. Rxg5 Rg7 33. Rxg7
Qxg7 34. Qe4 Nxc3 35. Qxe6+ Kb8 36. a6 Qd4 37. Re1 bxa6 38. Qxa6 Rf8 39. Re3
Qd2 40. Qf1 Qxe3 41. fxe3 Rxf1+ 42. Kxf1 Ne4 0-1

[Event "5. Open Ciudad de Tres Cantos 2013"]
[Site "Tres Cantos ESP"]
[Date "2013.06.25"]
[Round "5.4"]
[White "Moreno Ibanez, Miguel"]
[Black "Aziz Ortego, Omar Luis"]
[Result "1-0"]
[WhiteElo "2117"]
[BlackElo "2045"]
[PlyCount "101"]
[EventDate "2013.06.21"]
[EventType "swiss"]
[EventRounds "9"]
[EventCountry "ESP"]
[SourceTitle "Ajedrez en Madrid"]
[Source "lmi"]
[SourceDate "2013.06.21"]
[SourceVersion "1"]
[SourceVersionDate "2013.06.27"]
[SourceQuality "1"]

1. e4 e5 2. Nf3 Nc6 3. Bb5 a6 4. Ba4 Nf6 5. O-O b5 6. Bb3 Be7 7. Re1 d6 8. c3
Na5 9. Bc2 c5 10. d4 Qc7 11. h3 Bb7 12. d5 Nc4 13. a4 Nb6 14. a5 Nbd7 15. b3
Nf8 16. Nbd2 Bc8 17. Nf1 h5 18. Ng3 g6 19. Nh2 h4 20. Ne2 g5 21. Bxg5 Bxh3 22.
gxh3 Rg8 23. Kh1 Rxg5 24. f4 exf4 25. Nf3 Rg8 26. Nxf4 O-O-O 27. Rg1 N8d7 28.
Qe2 Ne5 29. Nxe5 dxe5 30. Nd3 c4 31. Nb4 Bxb4 32. cxb4 cxb3 33. Bd3 Kb8 34. Qf2
Nh5 35. Rgc1 Qa7 36. Rc5 Rg3 37. Bf1 Rdg8 38. Rac1 Qd7 39. Kh2 Nf4 40. R1c3
Nxh3 41. Qf6 R3g6 42. Qxe5+ Ka8 43. Bxh3 f5 44. Rxb3 Rg3 45. Rxg3 hxg3+ 46. Kg2
Qh7 47. Qxf5 Qh6 48. Rc8+ Rxc8 49. Qxc8+ Ka7 50. Qc7+ Ka8 51. Qc6+ 1-0

[Event "5. Open Ciudad de Tres Cantos 2013"]
[Site "Tres Cantos ESP"]
[Date "2013.06.25"]
[Round "5.5"]
[White "Hernando Pertierra, Jose C"]
[Black "Garcia Ruido, Ricardo"]
[Result "1-0"]
[WhiteElo "2359"]
[BlackElo "2051"]
[PlyCount "65"]
[EventDate "2013.06.21"]
[EventType "swiss"]
[EventRounds "9"]
[EventCountry "ESP"]
[SourceTitle "Ajedrez en Madrid"]
[Source "lmi"]
[SourceDate "2013.06.21"]
[SourceVersion "1"]
[SourceVersionDate "2013.06.27"]
[SourceQuality "1"]

1. Nf3 d5 2. g3 c6 3. Bg2 Bg4 4. c4 e6 5. Ne5 Bh5 6. Qb3 Qb6 7. d4 Nf6 8. Nc3
Nbd7 9. Qxb6 axb6 10. cxd5 exd5 11. Nxd7 Nxd7 12. O-O Be7 13. f3 O-O 14. e4
dxe4 15. fxe4 Rfe8 16. e5 Nf8 17. Be3 Ne6 18. h3 Rad8 19. g4 Bg6 20. Rad1 h6
21. d5 cxd5 22. Nxd5 Bc5 23. Rfe1 Bxe3+ 24. Rxe3 Nf4 25. Ne7+ Kh7 26. Rxd8 Rxd8
27. Nxg6 Rd1+ 28. Kh2 Kxg6 29. Bxb7 Rd2+ 30. Kg3 Ne2+ 31. Kf3 Ng1+ 32. Kf4 Rf2+
33. Kg3 1-0

[Event "5. Open Ciudad de Tres Cantos 2013"]
[Site "Tres Cantos ESP"]
[Date "2013.06.25"]
[Round "5.6"]
[White "Martin Duque, Jesus"]
[Black "Nunez Miranda, Adrian"]
[Result "1-0"]
[WhiteElo "2277"]
[BlackElo "2037"]
[PlyCount "80"]
[EventDate "2013.06.21"]
[EventType "swiss"]
[EventRounds "9"]
[EventCountry "ESP"]
[SourceTitle "Ajedrez en Madrid"]
[Source "lmi"]
[SourceDate "2013.06.21"]
[SourceVersion "1"]
[SourceVersionDate "2013.06.27"]
[SourceQuality "1"]

1. e4 d6 2. d4 Nf6 3. Nc3 e5 4. Nf3 Nbd7 5. Bc4 Be7 6. O-O O-O 7. Re1 c6 8. a4
a5 9. h3 exd4 10. Qxd4 Nc5 11. Bf4 Be6 12. Rad1 Ne8 13. b3 Qb6 14. Bxe6 fxe6
15. Be3 Qc7 16. e5 d5 17. Qg4 Rf5 18. Ne2 Nd7 19. Ng3 Nxe5 20. Nxe5 Nf6 21.
Nxf5 Nxg4 22. Nxe7+ Qxe7 23. hxg4 c5 24. Bf4 Rf8 25. Bg3 g5 26. Re2 Rf6 27. Nf3
Rf7 28. Rde1 Rf6 29. Nxg5 Rg6 30. Nxe6 Rxg4 31. Nf4 Qd7 32. Re7 Qf5 33. Rxb7
Kh8 34. Re8+ Rg8 35. Ng6+ hxg6 36. Be5+ Qxe5 37. Rxe5 Rd8 38. Rg5 d4 39. Rxc5
d3 40. cxd3 Rxd3 1-0